Online Catalogue and eLibrary

Governance and electoral process in Bangladesh : (Record no. 613)

MARC details
000 -LEADER
fixed length control field 00812cam a2200205 a 4500
001 - CONTROL NUMBER
control field 4502929
005 - DATE AND TIME OF LATEST TRANSACTION
control field 20240326031856.0
008 - FIXED-LENGTH DATA ELEMENTS--GENERAL INFORMATION
fixed length control field 970529s1997 ii 001 0 eng
020 ## - INTERNATIONAL STANDARD BOOK NUMBER
ISBN 812590297X
040 ## - CATALOGING SOURCE (பட்டியலாக்க மூலம்)
Original cataloging agency DLC
Transcribing agency DLC
Modifying agency DLC
082 ## - DDC Classification
DDC Edition Number 22
Class No. 324.954
Item Number - Author Mark GOV
245 00 - TITLE STATEMENT
Title Governance and electoral process in Bangladesh :
Remainder of title report of the Non-Governmental Election Observers from South Asia (SAARC), Parliamentary elections, June 12th 1996, Bangladesh /
Statement of responsibility, etc. edited by Jeevan Thiagarajah.
260 ## - PUBLICATION, DISTRIBUTION, ETC.
Place of publication, distribution, etc. New Delhi :
Name of publisher, distributor, etc. International Centre for Ethnic Studies in association with Vikas Pub. House :
-- Distributors, UBS Publishers' Distributors,
Date of publication, distribution, etc. 1997.
300 ## - PHYSICAL DESCRIPTION
Extent (e.g. Volumes, Pages etc.) xi, 219 p. ;
500 ## - GENERAL NOTE
General note Includes index.
650 #0 - SUBJECT ADDED ENTRY--TOPICAL TERM
Topical term or geographic name entry element Election monitoring
650 #0 - SUBJECT ADDED ENTRY--TOPICAL TERM
Topical term or geographic name entry element Elections
700 1# - ADDED ENTRY--PERSONAL NAME
Personal name Thiagarajah, Jeevan.
Relator term (Role) Editor
942 ## - Koha item type (Biblio)
Koha item type Books in Stacks (Lending)
Holdings
Lost status Damaged status Collection code Home library Current library Date acquired Full call number Accession Number Item type
    Lending WERC Library WERC Library 03/26/2024 324.954 GOV 6579 Books in Stacks (Lending)

© WERC Library